ბათუმის შოთა რუსთაველის სახელმწიფო უნივერსიტეტის ბიბლიოთეკა

მასალათმცოდნეობა ლითონური მასალები : (ბიბ.ჩანაწერი № 38827)

000 -ლიდერი
ფიქსირებული სიგრძის საკონტროლო ველი 00825nam a2200205Ia 4500
001 - საკონტროლო ნომერი
საკონტროლო ველი 5235
003 - საკონტროლო ნომრის იდენტიფიკატორი
საკონტროლო ველი GE_BSU
005 - ბოლო ოპერაციის თარიღი და დრო
საკონტროლო ველი 20190515185832.0
008 - ფიქსირებული სიგრძის მონაცემთა ელემენტები - ზოგადი ინფორმაცია
ფიქსირებული სიგრძის საკონტროლო ველი 181216s1967||||ge |||||||||||||| ||geo||
040 ## - კატალოგიზაციის წყარო
Transcribing agency GE_BSU
041 ## - ენის კოდი
Language code of text/sound track or separate title geo
080 ## - უნივერსალური ათობითი კლასიფიკაციის ინდექსი
Universal Decimal Classification number 669.002.3(075.8) ჯ-22
100 ## - მთავარი ჩანაწერი - პიროვნების სახელი
Personal name ჯანელიძე, ი.
9 (RLIN) 1187
245 ## - ცნობა სათაურის შესახებ
Title მასალათმცოდნეობა ლითონური მასალები :
Remainder of title სახელმძღვ. /
Statement of responsibility, etc ი.ჯანელიძე ; რედ. გ. ნიქაბაძე.
264 ## - წარმოების, გამოცემის, დისტრიბუციის და სხვა ცნობები
გამოცემის, წარმოების, დისტრიბუციის... ადგილი თბილისი :
გამოცემის, წარმოების, დისტრიბუციის... სახელწოდება განათლება,
გამოცემის, წარმოების, დისტრიბუციის... თარიღი 1967.
300 ## - ფიზიკური აღწერა
Extent 246 გვ. ;
Dimensions 22 სმ.
653 ## - INDEX TERM--UNCONTROLLED
Uncontrolled term მასალათმცოდნეობა
700 ## - ADDED ENTRY--PERSONAL NAME
Personal name ნიქაბაძე, გ.
Relator term რედაქტორი
9 (RLIN) 1188
942 ## - ADDED ENTRY ELEMENTS (KOHA)
Koha item type წიგნი
Source of classification or shelving scheme
ეგზემპლარები
ჩამოწერის სტატუსი დაკარგული ეგზემპლარის სტატუსი კლასიფიკაციის წყარო ან თაროზე გაწყობის სქემა დაზიანების სტატუსი არ გაიცემა მუდმივი მდებარეობა (დაცვის ადგილი) ამჟამინდელი ადგილსამყოფელი თაროზე განთავსების ადგილი შეძენის თარიღი ღირებულება, შესყიდვის ნორმალური ფასი სრული შენახვის შიფრი შტრიხკოდი ბოლო ოპერაციის თარიღი ეგზემპლარის მიმდევრობითი ნომერი (კეტერი?) ფასის ძალაში შესვლის თარიღი ეგზემპლარის სახეობა საჯარო შენიშვნა
          ტექნოლოგიური ფაკულტეტის ბიბლიოთეკა ტექნოლოგიური ფაკულტეტის ბიბლიოთეკა წიგნსაცავი 2018-12-17 1.54 669.002.3(075.8) ჯ-22 11854 2018-12-17 11854 2018-12-17 წიგნი 1.54 ლ.
          ტექნოლოგიური ფაკულტეტის ბიბლიოთეკა ტექნოლოგიური ფაკულტეტის ბიბლიოთეკა წიგნსაცავი 2018-12-17 1.54 669.002.3(075.8) ჯ-22 11855 2018-12-17 11855 2018-12-17 წიგნი 1.54 ლ.
          ტექნოლოგიური ფაკულტეტის ბიბლიოთეკა ტექნოლოგიური ფაკულტეტის ბიბლიოთეკა წიგნსაცავი 2018-12-17 1.54 669.002.3(075.8) ჯ-22 11857 2018-12-17 11857 2018-12-17 წიგნი 1.54 ლ.
          ტექნოლოგიური ფაკულტეტის ბიბლიოთეკა ტექნოლოგიური ფაკულტეტის ბიბლიოთეკა წიგნსაცავი 2018-12-17 1.54 669.002.3(075.8) ჯ-22 11858 2018-12-17 11858 2018-12-17 წიგნი 1.54 ლ.